| Tag |
First Indicator |
Second Indicator |
Subfields |
| LEADER |
00000pam a2200000 a 4500 |
| 001 |
in00000086419 |
| 005 |
20151222091458.0 |
| 008 |
811013s1982 nju b 00110 eng |
| 010 |
|
|
|a 81015008
|
| 020 |
|
|
|a 0389201065
|
| 035 |
|
|
|a (OCoLC)07923750
|
| 035 |
|
|
|9 AAK4274AM
|
| 039 |
0 |
|
|a 2
|b 3
|c 3
|d 3
|e 3
|
| 040 |
|
|
|a DLC
|c DLC
|d TXA
|d UtOrBLW
|
| 049 |
|
|
|a TXAM
|c [387886]
|
| 050 |
0 |
0 |
|a PR3716
|b .L6 1982b
|
| 082 |
0 |
|
|a 823/.6
|2 19
|
| 100 |
1 |
|
|a Loveridge, Mark,
|d 1951-
|
| 245 |
1 |
0 |
|a Laurence Sterne and the argument about design /
|c Mark Loveridge.
|
| 264 |
|
1 |
|a Totowa, N.J. :
|b Barnes & Nobles Books,
|c 1982.
|
| 300 |
|
|
|a xi, 247 pages ;
|c 23 cm.
|
| 336 |
|
|
|a text
|b txt
|2 rdacontent
|
| 337 |
|
|
|a unmediated
|b n
|2 rdamedia
|
| 338 |
|
|
|a volume
|b nc
|2 rdacarrier
|
| 500 |
|
|
|a Based on the author's thesis--Jesus College, Cambridge.
|
| 500 |
|
|
|a Includes index.
|
| 504 |
|
|
|a Bibliography: pages 228-242.
|
| 600 |
1 |
0 |
|a Sterne, Laurence,
|d 1713-1768
|x Criticism and interpretation.
|
| 999 |
|
|
|a MARS
|
| 999 |
f |
f |
|s 03063a82-33c5-39dc-965e-a6d5bd20cc90
|i c52b8673-6805-3a24-a7fa-d06e488e4866
|t 0
|
| 952 |
f |
f |
|p normal
|a Texas A&M University
|b College Station
|c Sterling C. Evans Library
|d Evans: Library Stacks
|t 0
|e PR3716 .L6 1982b
|h Library of Congress classification
|i unmediated -- volume
|m A14806184566
|
| 998 |
f |
f |
|a PR3716 .L6 1982b
|t 0
|l Evans: Library Stacks
|